[Event "Lichtenrader Herbst 2019"]
[Site "Berlin"]
[Date "2019.10.14"]
[Round "3.18"]
[White "Ziese, Gerhard"]
[Black "Rettore, Ludwig"]
[Result "1-0"]
[WhiteElo "1895"]
[BlackElo "2068"]
[PlyCount "141"]
[EventDate "2019.??.??"]

1. d4 f5 2. e4 fxe4 3. Nc3 Nf6 4. Bg5 Nc6 5. d5 Ne5 6. Qe2 Nf7 7. h4 c6 8.
O-O-O Qa5 9. Bxf6 gxf6 10. Qxe4 Qc7 11. Nf3 Bh6+ 12. Kb1 Qf4 13. Qe2 Ne5 14.
Nxe5 Qxe5 15. Qf3 c5 16. Bc4 d6 17. Rhe1 Qf5 18. Bb5+ Kd8 19. Qe2 Qe5 20. Qf1
Qh5 21. f3 a6 22. Qe2 Qf7 23. Bd3 f5 24. g4 f4 25. Ne4 Bg7 26. Ng5 Qf6 27. c3
h6 28. Nh7 Qe5 29. Qf2 Qxd5 30. Bc2 Qc6 31. Qe2 Qc7 32. Qe4 e5 33. Qg6 Qe7 34.
Rxd6+ Kc7 35. Red1 a5 36. Ba4 Ra6 37. Rxa6 bxa6 38. Qc6+ Kb8 39. Bc2 Bb7 40.
Rd7 Bxc6 41. Rxe7 Bf8 42. Rxe5 Bd6 43. Re6 Kc7 44. Nf6 Bxf3 45. Be4 Bxe4+ 46.
Nxe4 h5 47. g5 f3 48. Rf6 Rf8 49. Rxf8 Bxf8 50. Kc2 Kd7 51. Kd3 Ke6 52. Ke3 Kf5
53. Kxf3 Be7 54. c4 Bf8 55. b3 Be7 56. Ng3+ Kg6 57. Ke4 Bd6 58. Nf5 Bh2 59. Ne3
Bg3 60. Ng2 Bf2 61. Ke5 Bg3+ 62. Nf4+ Kf7 63. Kf5 Bxh4 64. Nxh5 Be1 65. g6+ Kg8
66. Ke6 Bb4 67. Kd6 Ba3 68. Kc6 Bb4 69. Kb6 a4 70. bxa4 a5 71. a3 1-0

[Event "Lichtenrader Herbst 2019"]
[Site "Berlin"]
[Date "2019.10.14"]
[Round "3.19"]
[White "Daverkausen, Bernd"]
[Black "Kostanyan, Hakob"]
[Result "1-0"]
[WhiteElo "2122"]
[BlackElo "1887"]
[PlyCount "95"]
[EventDate "2019.??.??"]

1. Nf3 Nf6 2. d4 d5 3. c4 c6 4. Qb3 dxc4 5. Qxc4 Qd5 6. Qa4 Bf5 7. Nc3 Qd8 8.
g3 e6 9. Bg2 Bd6 10. O-O O-O 11. Bg5 Be7 12. Ne5 Nd5 13. Bxe7 Qxe7 14. Qb3 Bg6
15. e4 Nxc3 16. bxc3 Qc7 17. f4 Nd7 18. Nd3 c5 19. Qc4 Rac8 20. f5 exf5 21.
exf5 Bh5 22. Nf4 Nf6 23. h3 g5 24. fxg6 b5 25. gxh7+ Kxh7 26. Qxb5 Bg6 27. Rae1
cxd4 28. cxd4 Qc3 29. Qe5 Rfe8 30. Qxf6 Rxe1 31. Qh4+ Kg8 32. Nd5 Rxf1+ 33.
Bxf1 Qe1 34. Ne7+ Kg7 35. Nxc8 Qe3+ 36. Kh2 Qc1 37. Qf4 Qxc8 38. Bg2 Qc2 39. a4
Qxa4 40. h4 Qd1 41. Qe5+ Kh7 42. d5 Qg4 43. Bh3 Qf3 44. Bg2 Qg4 45. d6 Qd7 46.
Qe7 Bf5 47. Be4 Kg7 48. Qe5+ 1-0

[Event "Lichtenrader Herbst 2019"]
[Site "Berlin"]
[Date "2019.10.14"]
[Round "3.20"]
[White "Kievelitz, Bernd"]
[Black "Miettinen, Teemu"]
[Result "1/2-1/2"]
[WhiteElo "1744"]
[BlackElo "2032"]
[PlyCount "68"]
[EventDate "2019.??.??"]

1. Nf3 Nf6 2. c4 g6 3. Nc3 Bg7 4. e4 d6 5. d4 O-O 6. h3 c5 7. d5 e6 8. Be2 Na6
9. O-O e5 10. Bg5 h6 11. Be3 Qe7 12. Qd2 Kh7 13. Nh2 Nc7 14. g4 Nfe8 15. f3 a6
16. a4 Bd7 17. Kg2 Rb8 18. Ra2 Rg8 19. b3 f5 20. Bf2 f4 21. Rb1 a5 22. Nb5 Bxb5
23. cxb5 b6 24. Rg1 Bf6 25. Qe1 Ng7 26. Nf1 h5 27. Nd2 Rh8 28. Nc4 Kg8 29. Ra1
Kf7 30. Qd2 Nce8 31. Rh1 Bh4 32. Qe1 Bxf2 33. Qxf2 Nf6 34. Bd3 Nd7 1/2-1/2

[Event "Lichtenrader Herbst 2019"]
[Site "Berlin"]
[Date "2019.10.14"]
[Round "3.21"]
[White "Baumeister, Wolfgang"]
[Black "Heuer, Thomas"]
[Result "1/2-1/2"]
[WhiteElo "1756"]
[BlackElo "2068"]
[PlyCount "33"]
[EventDate "2019.??.??"]

1. e4 c5 2. Be2 Nc6 3. f4 e6 4. Nf3 d5 5. d3 Nf6 6. e5 Nd7 7. c3 d4 8. O-O Be7
9. Na3 O-O 10. Bd2 f6 11. Qb3 fxe5 12. f5 Nf6 13. Nc4 Nd5 14. Nfxe5 exf5 15.
Nxc6 bxc6 16. cxd4 cxd4 17. Bf3 1/2-1/2

[Event "Lichtenrader Herbst 2019"]
[Site "Berlin"]
[Date "2019.10.14"]
[Round "3.22"]
[White "Roloff, Karsten"]
[Black "Kutschke, Jens"]
[Result "0-1"]
[WhiteElo "1570"]
[BlackElo "2002"]
[PlyCount "124"]
[EventDate "2019.??.??"]

1. d4 Nf6 2. Bg5 d5 3. e3 g6 4. Bd3 Bg7 5. Nd2 O-O 6. Ngf3 b6 7. O-O Bb7 8. Rc1
Ne4 9. Bh4 c5 10. c3 Nd7 11. Ne1 Re8 12. f3 Nxd2 13. Qxd2 Qc7 14. f4 f5 15. Nf3
Nf6 16. Ne5 Ne4 17. Bxe4 dxe4 18. Kh1 Rad8 19. Qf2 Rc8 20. Qd2 Red8 21. Qe1 Bf6
22. g4 Bxe5 23. fxe5 fxg4 24. Bg5 cxd4 25. cxd4 Qd7 26. Qb4 Re8 27. Rxc8 Bxc8
28. Bh6 Bb7 29. Qd2 g3 30. Qg2 Qg4 31. Qxg3 Qxg3 32. hxg3 Rc8 33. Rf2 Bd5 34.
a3 Bb3 35. Kh2 Bd1 36. Kh3 Bf3 37. Rh2 Rc1 38. Kh4 Rg1 39. Kh3 Kf7 40. Kh4 Ke6
41. Bg5 h5 42. Kh3 Rc1 43. Kh4 Kd7 44. Bf4 Bg4 45. Kg5 Bf5 46. Kh4 Kc6 47. Bg5
e6 48. Bf4 Kd5 49. Kg5 Kc4 50. Kf6 Kb3 51. Bh6 a5 52. Kf7 Kc4 53. Ke8 b5 54.
Bf8 b4 55. axb4 axb4 56. Kd7 b3 57. Bh6 Rc2 58. Rh1 Rxb2 59. Ra1 Ra2 60. Rc1+
Rc2 61. Ra1 b2 62. Rb1 Kb3 0-1

[Event "Lichtenrader Herbst 2019"]
[Site "Berlin"]
[Date "2019.10.14"]
[Round "3.23"]
[White "Tedesco, Gennaro"]
[Black "Postler, Reinhard"]
[Result "0-1"]
[WhiteElo "1646"]
[BlackElo "2240"]
[PlyCount "78"]
[EventDate "2019.??.??"]

1. d4 Nf6 2. c4 e6 3. Nf3 c5 4. d5 exd5 5. cxd5 d6 6. Nc3 g6 7. e4 Bg7 8. Be2
O-O 9. O-O a6 10. a4 Bg4 11. Nd2 Bxe2 12. Qxe2 Nbd7 13. Nc4 Nb6 14. Bf4 Nxc4
15. Qxc4 Re8 16. f3 Nh5 17. Bc1 Bd4+ 18. Kh1 Qh4 19. Ne2 Be5 20. f4 Bg7 21. Ra3
Nf6 22. Rh3 Qg4 23. Rg3 Qd7 24. Nc3 Rab8 25. a5 b5 26. axb6 Rxb6 27. Re3 Ng4
28. Ree1 Bd4 29. Re2 Qe7 30. Qd3 Qh4 31. Qg3 Qxg3 32. hxg3 Rb3 33. Rf3 Bxc3 34.
Rxc3 Rxc3 35. bxc3 Rxe4 36. Rxe4 Nf2+ 37. Kh2 Nxe4 38. Bb2 f5 39. Kh3 Kf7 0-1

[Event "Lichtenrader Herbst 2019"]
[Site "Berlin"]
[Date "2019.10.14"]
[Round "3.24"]
[White "Dathe, Frederick"]
[Black "Grozea, Filip"]
[Result "1/2-1/2"]
[WhiteElo "2084"]
[BlackElo "1724"]
[PlyCount "49"]
[EventDate "2019.??.??"]

1. c4 e6 2. Nf3 d5 3. g3 Nf6 4. Bg2 dxc4 5. Qa4+ Nbd7 6. Qxc4 a6 7. O-O b5 8.
Qc2 Bb7 9. a4 c5 10. axb5 axb5 11. Rxa8 Qxa8 12. d3 Be7 13. Nbd2 O-O 14. b3 Nd5
15. Bb2 Nb4 16. Qb1 Bc6 17. Rd1 Bf6 18. Bxf6 Nxf6 19. Rc1 Qa7 20. Qb2 Ra8 21.
h3 Bd5 22. Ne1 Bxg2 23. Nxg2 h6 24. Ne3 Nfd5 25. Ne4 1/2-1/2

[Event "Lichtenrader Herbst 2019"]
[Site "Berlin"]
[Date "2019.10.14"]
[Round "3.25"]
[White "Seitz, Manuel"]
[Black "Lopez Gomez, Jose Pablo"]
[Result "0-1"]
[WhiteElo "1809"]
[BlackElo "2064"]
[PlyCount "52"]
[EventDate "2019.??.??"]

1. e4 e6 2. d4 d5 3. Nc3 Bb4 4. e5 c5 5. a3 Bxc3+ 6. bxc3 Ne7 7. Qg4 Qc7 8.
Qxg7 Rg8 9. Qxh7 cxd4 10. Qd3 dxc3 11. Ne2 Nbc6 12. Qxc3 Bd7 13. h4 O-O-O 14.
Rb1 Nf5 15. h5 d4 16. Qb3 Nxe5 17. Bf4 Bc6 18. Ng3 d3 19. cxd3 Nf3+ 20. gxf3
Qxf4 21. Nxf5 exf5 22. Be2 Rge8 23. Qc2 Qxf3 24. Rg1 Qxh5 25. Rg3 f4 26. Kd1
Rxe2 0-1

[Event "Lichtenrader Herbst 2019"]
[Site "Berlin"]
[Date "2019.10.14"]
[Round "3.26"]
[White "Roehr, Oliver"]
[Black "Kraft, Adrian"]
[Result "1-0"]
[WhiteElo "1987"]
[BlackElo "1672"]
[PlyCount "65"]
[EventDate "2019.??.??"]

1. e4 g6 2. d4 Bg7 3. Nc3 d6 4. Be3 Nf6 5. Qd2 O-O 6. Bh6 Nc6 7. Bxg7 Kxg7 8.
O-O-O a6 9. d5 Ne5 10. Be2 b5 11. f4 Ned7 12. g4 b4 13. Na4 Kg8 14. Qe3 Nb6 15.
Nxb6 cxb6 16. g5 Nd7 17. h4 Bb7 18. h5 Rc8 19. Qh3 Qc7 20. Rd2 Rfe8 21. hxg6
Nf8 22. gxf7+ Kxf7 23. Bh5+ Kg8 24. Bxe8 Rxe8 25. g6 Qc4 26. gxh7+ Kh8 27. Qg4
Ne6 28. Rg2 Qf1+ 29. Kd2 Qxf4+ 30. Qxf4 Nxf4 31. Rg4 e5 32. Ne2 Bc8 33. Nxf4
1-0

[Event "Lichtenrader Herbst 2019"]
[Site "Berlin"]
[Date "2019.10.14"]
[Round "3.27"]
[White "Ruddat, Judith"]
[Black "Arndt, Uwe"]
[Result "1/2-1/2"]
[WhiteElo "1939"]
[BlackElo "1942"]
[PlyCount "142"]
[EventDate "2019.??.??"]

1. e4 c6 2. d4 d5 3. exd5 cxd5 4. Bd3 Nc6 5. c3 Qc7 6. h3 Nf6 7. Nf3 e6 8. Nbd2
Bd6 9. Qc2 Bd7 10. Nb3 Rb8 11. Qe2 O-O 12. O-O h6 13. Be3 a6 14. Nfd2 e5 15.
dxe5 Nxe5 16. Nd4 Qc8 17. N2f3 Nc4 18. Bxc4 dxc4 19. Qd2 Ne4 20. Qc1 Kh7 21.
Bf4 Qc7 22. Bxd6 Qxd6 23. Qc2 f5 24. Rad1 Qf6 25. Nd2 Nd6 26. N2f3 b5 27. Qd2
Ne4 28. Qf4 Rbe8 29. Nd2 Nc5 30. Qc7 Rc8 31. Qg3 Bc6 32. Nxc6 Rxc6 33. Nf3 f4
34. Qg4 Re6 35. Nd4 Re5 36. Rde1 Rfe8 37. Qd1 Nd3 38. Rxe5 Qxe5 39. b3 Qe4 40.
bxc4 Nb2 41. Qc2 Qxc2 42. Nxc2 Nxc4 43. Nb4 Re2 44. Nxa6 Rxa2 45. Nc7 Rb2 46.
g3 fxg3 47. fxg3 Nd6 48. Re1 Rc2 49. Rb1 Rxc3 50. Nxb5 Rxg3+ 51. Kh2 Nf5 52.
Nd6 Rxh3+ 53. Kxh3 Nxd6 54. Rb6 Nf7 55. Kh4 g6 56. Rb7 Kg7 57. Rb6 Ng5 58. Kg4
Kf7 59. Kf4 Kg7 60. Kg4 Nf7 61. Re6 h5+ 62. Kh4 Kh6 63. Ra6 Ne5 64. Rf6 Ng4 65.
Ra6 Ne3 66. Re6 Nf5+ 67. Kh3 Kg5 68. Re4 h4 69. Ra4 Kh5 70. Ra5 Kg5 71. Ra4 Kh5
1/2-1/2

[Event "Lichtenrader Herbst 2019"]
[Site "Berlin"]
[Date "2019.10.14"]
[Round "3.28"]
[White "Fenske, Nils"]
[Black "Ibrahim, Kinan"]
[Result "1/2-1/2"]
[WhiteElo "1821"]
[BlackElo "1622"]
[PlyCount "52"]
[EventDate "2019.??.??"]

1. d4 d5 2. Nf3 c5 3. e3 e6 4. Nbd2 Nc6 5. c3 Nf6 6. Bd3 cxd4 7. exd4 Bd6 8.
O-O h5 9. Re1 Qc7 10. Nf1 Bd7 11. Qe2 O-O-O 12. Ne5 Ng4 13. f4 Bxe5 14. fxe5 f5
15. h3 Nh6 16. Qxh5 Rdg8 17. Qg5 Be8 18. Nh2 Nf7 19. Qe3 g5 {(=)} 20. g4 f4 21.
Qf3 Qb6 22. Kg2 Ne7 23. Qe2 Nd8 24. a4 Bg6 25. a5 Qc7 26. a6 b6 1/2-1/2

[Event "Lichtenrader Herbst 2019"]
[Site "Berlin"]
[Date "2019.10.14"]
[Round "3.29"]
[White "Becker, Werner"]
[Black "Matthes, Aaron"]
[Result "0-1"]
[WhiteElo "1760"]
[BlackElo "1995"]
[PlyCount "62"]
[EventDate "2019.??.??"]

1. d4 Nf6 2. c4 e6 3. Nf3 d5 4. Nc3 Be7 5. Bf4 O-O 6. e3 b6 7. cxd5 exd5 8. Bd3
Bb7 9. O-O Nbd7 10. Qc2 c5 11. b3 Rc8 12. Qe2 cxd4 13. Nb5 dxe3 14. Bxe3 a6 15.
Nbd4 Nc5 16. Nf5 Re8 17. Nxe7+ Qxe7 18. Bf5 Rcd8 19. Rad1 g6 20. Bb1 Ng4 21.
Rfe1 Qc7 22. Qd2 Ne4 23. Qd4 Nxe3 24. Rxe3 Rc8 25. Kf1 b5 26. Rdd3 a5 27. g3 b4
28. Kg2 Nc3 29. Rxe8+ Rxe8 30. Bc2 Nb5 31. Bd1 Nxd4 0-1

[Event "Lichtenrader Herbst 2019"]
[Site "Berlin"]
[Date "2019.10.14"]
[Round "3.30"]
[White "Spors, Carl Philip"]
[Black "Ho, Ngoc Hai-Dang"]
[Result "1-0"]
[WhiteElo "1971"]
[BlackElo "1724"]
[PlyCount "85"]
[EventDate "2019.??.??"]

1. e4 e5 2. Nf3 Nc6 3. d4 exd4 4. Nxd4 Bc5 5. Nb3 Bb6 6. Nc3 d6 7. Qe2 h6 8.
Be3 Nf6 9. O-O-O Qe7 10. Kb1 Be6 11. f3 O-O-O 12. Bxb6 axb6 13. h3 Bxb3 14.
axb3 Rhe8 15. Qc4 Kb8 16. b4 d5 17. exd5 Nxb4 18. Qb3 Nfxd5 19. Bc4 Nxc3+ 20.
bxc3 Rxd1+ 21. Rxd1 Nc6 22. Bxf7 Rd8 23. Rxd8+ Qxd8 24. Qd5 Qxd5 25. Bxd5 Ne7
26. Be4 c6 27. Kb2 Kc7 28. c4 Kd6 29. f4 g5 30. fxg5 hxg5 31. Kc3 Ke5 32. Bh7
Nf5 33. Bxf5 Kxf5 34. g3 Ke4 35. h4 gxh4 36. gxh4 Kf4 37. Kd4 Kg4 38. Ke5 Kxh4
39. Kd6 Kg4 40. Kc7 Kf4 41. Kxb7 Ke4 42. Kxb6 Kd4 43. c5 1-0

[Event "Lichtenrader Herbst 2019"]
[Site "Berlin"]
[Date "2019.10.15"]
[Round "4.7"]
[White "Schnabel, Ralf"]
[Black "Hommel, Niclas"]
[Result "1/2-1/2"]
[WhiteElo "2235"]
[BlackElo "2065"]
[PlyCount "73"]
[EventDate "2019.??.??"]

1. e4 c5 2. Nf3 e6 3. b3 b6 4. Bb2 Bb7 5. Qe2 Nc6 6. Nc3 a6 7. O-O-O b5 8. Kb1
Rc8 9. d3 Nd4 10. Qe3 Qc7 11. Rc1 Nf6 12. h3 Nxf3 13. Qxf3 Be7 14. Rg1 O-O 15.
g4 d5 16. g5 Nd7 17. exd5 b4 18. Ne4 Bxd5 19. Qh5 Bxe4 20. dxe4 Bd6 21. Rd1
Rfd8 22. Rg4 Be5 23. Rh4 Nf8 24. Rxd8 Rxd8 25. Bd3 Bxb2 26. Kxb2 Qe5+ 27. Kb1
Qc3 28. Qe2 a5 29. e5 Rd4 30. Re4 Rxe4 31. Qxe4 Qd4 32. Qxd4 cxd4 33. Kc1 Nd7
34. f4 Nc5 35. Kd2 Kf8 36. h4 g6 37. h5 1/2-1/2

[Event "Lichtenrader Herbst 2019"]
[Site "Berlin"]
[Date "2019.10.15"]
[Round "4.9"]
[White "Kutschke, Jens"]
[Black "Roehr, Tobias"]
[Result "0-1"]
[WhiteElo "2002"]
[BlackElo "2123"]
[PlyCount "84"]
[EventDate "2019.??.??"]

1. e4 c5 2. Nf3 e6 3. d4 cxd4 4. Nxd4 Nc6 5. Be3 Qc7 6. Nc3 a6 7. a3 b5 8. Be2
Bb7 9. O-O Rc8 10. Kh1 Na5 11. f4 Nf6 12. Bf3 d6 13. Qe1 h5 14. Rd1 Be7 15. Bc1
g6 16. e5 dxe5 17. fxe5 Nd7 18. Bxb7 Nxb7 19. Qg3 Qxe5 20. Bf4 Qg7 21. Nf3 h4
22. Qe1 Rh5 23. Qd2 Nb6 24. Be3 {(=)} Rd8 25. Qf2 Nc4 26. Rxd8+ Nxd8 27. Bd4
Qh6 28. Ne4 Rf5 29. Qe2 Nc6 30. Bc3 g5 31. Re1 Qg6 32. a4 Kf8 33. axb5 axb5 34.
b3 Nb6 35. Nd4 Nxd4 36. Bxd4 Nd7 37. Qd3 Kg8 38. Ra1 Nf6 39. Nxf6+ Bxf6 40. Rd1
Bxd4 41. Qxd4 Rd5 42. Qg4 Qe4 0-1

[Event "Lichtenrader Herbst 2019"]
[Site "Berlin"]
[Date "2019.10.15"]
[Round "4.10"]
[White "Krefenstein, Sergej"]
[Black "Bolk, Matthias"]
[Result "1/2-1/2"]
[WhiteElo "2139"]
[BlackElo "2087"]
[PlyCount "90"]
[EventDate "2019.??.??"]

1. e4 g6 2. d4 Bg7 3. Nc3 d6 4. f4 Nc6 5. Be3 Nf6 6. Nf3 Bg4 7. d5 Nb8 8. h3
Bxf3 9. Qxf3 c6 10. Bd3 O-O 11. O-O cxd5 12. exd5 Nbd7 13. Rfe1 a6 14. Bf1 Rc8
15. Rad1 Re8 16. Rd2 Qa5 17. a3 Nb6 18. Qf2 Nbd7 19. Bd4 Nh5 20. g4 Bxd4 21.
Qxd4 Nhf6 22. Rde2 Qb6 23. Qxb6 Nxb6 24. Rxe7 Rxe7 25. Rxe7 Nbxd5 26. Nxd5 Nxd5
27. Rxb7 Rxc2 28. f5 gxf5 29. gxf5 a5 30. b3 Rc7 31. Rxc7 Nxc7 32. Kf2 Kg7 33.
Ke3 Kf6 34. Kd4 Kxf5 35. b4 axb4 36. axb4 Ke6 37. b5 Na8 38. Bc4+ Ke7 39. Bd3
h6 40. Kd5 Kd7 41. Ke4 Nb6 42. Kf5 Ke7 43. Kg4 Nd5 44. Kf5 Nb6 45. Kg4 Kf6
1/2-1/2

[Event "Lichtenrader Herbst 2019"]
[Site "Berlin"]
[Date "2019.10.15"]
[Round "4.11"]
[White "Ziese, Gerhard"]
[Black "nn"]
[Result "0-1"]
[WhiteElo "1895"]
[BlackElo "2124"]
[PlyCount "36"]
[EventDate "2019.??.??"]

1. e4 Nf6 2. e5 Nd5 3. d4 d6 4. c4 Nb6 5. f4 dxe5 6. fxe5 Nc6 7. Be3 Bf5 8. Nc3
e6 9. Nf3 Be7 10. Be2 O-O 11. O-O f6 12. Bf4 g5 13. exf6 Bxf6 14. Be5 g4 15.
Bxf6 Qxf6 16. Ne5 Nxe5 17. dxe5 Qxe5 18. Bxg4 Rad8 0-1

[Event "Lichtenrader Herbst 2019"]
[Site "Berlin"]
[Date "2019.10.15"]
[Round "4.12"]
[White "Postler, Reinhard"]
[Black "Guder, Sibylle"]
[Result "1-0"]
[WhiteElo "2240"]
[BlackElo "1915"]
[PlyCount "71"]
[EventDate "2019.??.??"]

1. e4 c5 2. Nf3 d6 3. d4 cxd4 4. Nxd4 Nf6 5. Nc3 a6 6. Be3 e5 7. Nb3 Be7 8. f3
Be6 9. Qd2 O-O 10. Nd5 Nxd5 11. exd5 Bf5 12. Be2 Bh4+ 13. g3 Be7 14. O-O Nd7
15. c4 b6 16. Nc1 a5 17. Nd3 Bh3 18. Rfe1 f5 19. Nf2 f4 20. Nxh3 fxe3 21. Qxe3
Rf5 22. f4 exf4 23. gxf4 Ne5 24. fxe5 Rxe5 25. Qd3 Bh4 26. Rf1 Qe7 27. Bg4 Re3
28. Qd2 Bg5 29. Nxg5 Qxg5 30. Kh1 Qe5 31. Qg2 h5 32. Be6+ Kh7 33. Bf5+ Kg8 34.
Qg6 Rd8 35. Qh7+ Kf8 36. Be6+ 1-0

[Event "Lichtenrader Herbst 2019"]
[Site "Berlin"]
[Date "2019.10.15"]
[Round "4.13"]
[White "Bender, Sebastian"]
[Black "Gebigke, Martin"]
[Result "0-1"]
[WhiteElo "1911"]
[BlackElo "2068"]
[PlyCount "92"]
[EventDate "2019.??.??"]

1. e4 c5 2. c3 d5 3. exd5 Qxd5 4. d4 Nf6 5. Nf3 e6 6. Bd3 Be7 7. O-O O-O 8. Be3
b6 9. Qe2 Bb7 10. Re1 Rd8 11. Bc4 Qh5 12. dxc5 bxc5 13. Nbd2 Nbd7 14. Bg5 Bd6
15. h3 Ne5 16. Nxe5 Qxg5 17. Ndf3 Qf4 18. g3 Qe4 19. Qf1 Qf5 20. Bd3 Ne4 21.
Qe2 Bxe5 22. Bxe4 Bxe4 23. Qxe4 Qxe4 24. Rxe4 Bf6 25. Kf1 {(=)} Rab8 26. Re2
Rd3 27. Kg2 Kf8 28. Rc1 a5 29. Rcc2 a4 30. c4 Rd1 31. Ne5 Rb7 32. f4 Ra1 33. a3
Rb1 34. Kf3 Rb3+ 35. Kf2 Rb7 36. Kf3 h5 37. Kg2 Ke7 38. g4 hxg4 39. hxg4 g6 40.
Kf3 Rb3+ 41. Ke4 g5 42. fxg5 Bxg5 43. Nd3 Kd6 44. Ne5 Rf1 45. Nd3 f5+ 46. gxf5
exf5# 0-1

[Event "Lichtenrader Herbst 2019"]
[Site "Berlin"]
[Date "2019.10.15"]
[Round "4.14"]
[White "Miettinen, Teemu"]
[Black "Dziallas, Michael"]
[Result "1-0"]
[WhiteElo "2032"]
[BlackElo "1853"]
[PlyCount "83"]
[EventDate "2019.??.??"]

1. e4 c5 2. Nf3 Nc6 3. d4 cxd4 4. Nxd4 g6 5. Nc3 Bg7 6. Be3 Nf6 7. Nb3 d6 8.
Be2 Bd7 9. O-O O-O 10. f4 Rc8 11. Bf3 b6 12. Kh1 Qc7 13. h3 h5 14. Qd2 Bh6 15.
Rae1 Rcd8 16. Nd5 Qc8 17. c4 Rfe8 18. Nc1 Nxd5 19. cxd5 Na5 20. b3 Nb7 21. Nd3
Bb5 22. Rc1 Qd7 23. Rg1 Rc8 24. Nf2 Rxc1 25. Rxc1 Rc8 26. Rg1 Qc7 27. g4 hxg4
28. Nxg4 Bg7 29. f5 Be8 30. fxg6 fxg6 31. Nh6+ Kh7 32. Bg4 Bd7 33. Qg2 Qc2 34.
Bxd7 Qxg2+ 35. Rxg2 Rc7 36. Be8 g5 37. Nf7 Bf6 38. Nxg5+ Bxg5 39. Rxg5 Rc3 40.
Rh5+ Kg8 41. Bd4 Rc1+ 42. Kg2 1-0

[Event "Lichtenrader Herbst 2019"]
[Site "Berlin"]
[Date "2019.10.15"]
[Round "4.15"]
[White "Lopez Gomez, Jose Pablo"]
[Black "Kievelitz, Bernd"]
[Result "1-0"]
[WhiteElo "2064"]
[BlackElo "1744"]
[PlyCount "47"]
[EventDate "2019.??.??"]

1. e4 c5 2. Nf3 e6 3. d4 cxd4 4. Nxd4 a6 5. Bd3 g6 6. O-O Bg7 7. Be3 Ne7 8. Nc3
O-O 9. Qd2 Nbc6 10. Nxc6 Nxc6 11. Bh6 b5 12. Rad1 Ne5 13. Bxg7 Kxg7 14. Be2 Qb6
15. Kh1 Ra7 16. f4 Nc4 17. Bxc4 bxc4 18. f5 f6 19. fxg6 hxg6 20. Rf3 Qc5 21.
Rdf1 d6 22. Rh3 Qg5 23. Qxg5 fxg5 24. Rxf8 1-0

[Event "Lichtenrader Herbst 2019"]
[Site "Berlin"]
[Date "2019.10.15"]
[Round "4.16"]
[White "Grassi, Fabrizio"]
[Black "Noeldner, Julian"]
[Result "0-1"]
[WhiteElo "1863"]
[BlackElo "2051"]
[PlyCount "68"]
[EventDate "2019.??.??"]

1. d4 Nf6 2. Bf4 g6 3. e3 Bg7 4. Nf3 O-O 5. Be2 d6 6. O-O Nh5 7. Bg5 h6 8. Bh4
g5 9. Nfd2 gxh4 10. Bxh5 e5 11. c3 Nd7 12. a4 a5 13. Na3 h3 14. g3 Qe7 15. Nc2
e4 16. f3 exf3 17. Bxf3 f5 18. Bd5+ Kh7 19. Qe2 Nf6 20. Bf3 Bd7 21. Qd3 Rae8
22. b3 Ne4 23. b4 b5 24. axb5 axb4 25. cxb4 Bxb5 26. Qxb5 Nxd2 27. Rf2 Nxf3+
28. Rxf3 Qe4 29. Rf2 c5 30. bxc5 dxc5 31. Ra7 Rb8 32. Qf1 Rb2 33. Ne1 Qxe3 34.
Kh1 Rxf2 0-1

[Event "Lichtenrader Herbst 2019"]
[Site "Berlin"]
[Date "2019.10.15"]
[Round "4.17"]
[White "Heuer, Thomas"]
[Black "Jaeger, Andre"]
[Result "1/2-1/2"]
[WhiteElo "2068"]
[BlackElo "1865"]
[PlyCount "24"]
[EventDate "2019.??.??"]

1. Nf3 c5 2. g3 Nc6 3. Bg2 g6 4. O-O Bg7 5. e4 e5 6. d3 Nge7 7. c3 O-O 8. a3 d6
9. b4 a6 10. Nbd2 h6 {(=)} 11. Rb1 Be6 12. Nb3 b6 1/2-1/2

[Event "Lichtenrader Herbst 2019"]
[Site "Berlin"]
[Date "2019.10.15"]
[Round "4.18"]
[White "Rouditser, Benjamin"]
[Black "Roehr, Oliver"]
[Result "0-1"]
[WhiteElo "1853"]
[BlackElo "1987"]
[PlyCount "112"]
[EventDate "2019.??.??"]

1. d4 Nf6 2. c4 e5 3. dxe5 Ng4 4. Bf4 Nc6 5. Nf3 Bb4+ 6. Nbd2 Qe7 7. e3 Ngxe5
8. Nxe5 Nxe5 9. Be2 d6 10. O-O a5 11. a3 Bxd2 12. Qxd2 a4 13. c5 dxc5 14. Qd5
f6 15. Rac1 c6 16. Qxc5 Qxc5 17. Rxc5 Ng6 18. Bc7 Be6 19. Ba5 Bb3 20. Bb4 Kf7
21. Bd1 Bxd1 22. Rxd1 Rhd8 23. Rcc1 Ne5 24. Bd6 Ke6 25. Bxe5 fxe5 26. Kf1 Rxd1+
27. Rxd1 Ra5 28. Ke2 {(=)} Rb5 29. Rd2 e4 30. f3 exf3+ 31. Kxf3 Rb3 32. Ke4 {
(=)} c5 33. Rc2 Kd6 34. g4 b5 35. h4 c4 36. h5 g6 37. hxg6 hxg6 38. Rd2+ Kc5
39. g5 c3 40. bxc3 Rxa3 41. Rd5+ Kc4 42. Rd6 Rxc3 43. Rxg6 Kb3 44. Ra6 a3 45.
g6 a2 46. Ra5 b4 47. Ra8 Rc7 48. Kf5 Kb2 49. e4 a1=Q 50. Rxa1 Kxa1 51. e5 b3
52. Kf6 b2 53. g7 Rc8 54. Kf7 b1=Q 55. e6 Qf5+ 56. Ke7 Ra8 0-1

[Event "Lichtenrader Herbst 2019"]
[Site "Berlin"]
[Date "2019.10.15"]
[Round "4.19"]
[White "Petersen, Marcel"]
[Black "Bergmann, Jens"]
[Result "1/2-1/2"]
[WhiteElo "1818"]
[BlackElo "1856"]
[PlyCount "49"]
[EventDate "2019.??.??"]

1. e4 d6 2. d4 e5 3. dxe5 dxe5 4. Qxd8+ Kxd8 5. f4 Nc6 6. c3 Bd6 7. fxe5 Nxe5
8. Nf3 Nf6 9. Bg5 Ke7 10. Nbd2 h6 11. Bh4 Rd8 12. Nxe5 Bxe5 13. Nf3 g5 14. Nxe5
gxh4 15. Bc4 Be6 16. O-O Rd2 17. Bxe6 Kxe6 18. Nc4 Re2 19. Rae1 Rxe1 20. Rxe1
Rd8 21. e5 Nh7 22. a4 a6 23. a5 Ng5 24. h3 Rd3 25. Re2 1/2-1/2

[Event "Lichtenrader Herbst 2019"]
[Site "Berlin"]
[Date "2019.10.15"]
[Round "4.20"]
[White "Tham, Minh"]
[Black "Fuchs, Dominik"]
[Result "0-1"]
[WhiteElo "1856"]
[BlackElo "1939"]
[PlyCount "98"]
[EventDate "2019.??.??"]

1. d4 d5 2. c4 e6 3. Nc3 Be7 4. Nf3 Nf6 5. cxd5 exd5 6. Bg5 c6 7. Qc2 g6 8. e3
Bf5 9. Bd3 Bxd3 10. Qxd3 O-O 11. O-O Nbd7 12. a3 a5 13. Rfc1 Re8 14. Nd2 Ne4
15. Bxe7 Qxe7 16. Ncxe4 dxe4 17. Qc3 Nb6 18. Qc5 Nd5 19. Nb3 f5 20. Qxe7 Rxe7
21. Rc5 a4 22. Nd2 f4 23. exf4 Nxf4 24. Re5 Rxe5 25. dxe5 e3 26. fxe3 Nd3 27.
b4 axb3 28. Nxb3 Nxe5 29. Kf2 Nc4 30. a4 b5 31. axb5 Rxa1 32. Nxa1 cxb5 33. Nb3
Kf7 34. Kf3 Ke7 35. Ke4 Kd6 36. Kd4 Ne5 37. h3 h6 38. Ke4 Nc6 39. g4 b4 40. h4
Ne5 41. Kf4 Nd3+ 42. Ke4 Nc5+ 43. Nxc5 Kxc5 44. Ke5 g5 45. h5 b3 46. Kf6 b2 47.
Kg6 b1=Q+ 48. Kxh6 Qe4 49. Kxg5 Qxe3+ 0-1

[Event "Lichtenrader Herbst 2019"]
[Site "Berlin"]
[Date "2019.10.15"]
[Round "4.21"]
[White "Barbier, Astrid"]
[Black "Hofmeister, Frank"]
[Result "0-1"]
[WhiteElo "1974"]
[BlackElo "1827"]
[PlyCount "102"]
[EventDate "2019.??.??"]

1. e4 c5 2. Nc3 Nc6 3. Bb5 Nd4 4. Bc4 e6 5. Nf3 Nf6 6. e5 d5 7. Nxd4 cxd4 8.
Bb5+ Nd7 9. Ne2 Bc5 10. O-O O-O 11. Bxd7 Bxd7 12. d3 Rc8 13. c3 dxc3 14. bxc3
Qc7 15. Bf4 Be7 16. Qd2 b5 17. Rab1 Qa5 18. Rb3 Rc7 19. Qb2 Rfc8 20. Rc1 Qa4
21. h3 g5 22. Be3 g4 23. Nd4 gxh3 24. gxh3 Kh8 25. Kh1 Rg8 26. Qe2 Rg6 27. Rbb1
Rc8 28. Rg1 Rxc3 29. Rxg6 hxg6 30. Qf3 Kg7 31. Qf4 Rxd3 32. Rg1 Rd1 33. Qh6+
Kg8 34. Nf3 Qe4 35. Kh2 Rxg1 36. Nxg1 Qxe5+ 37. Kg2 d4 38. Bd2 Bc6+ 39. f3 Bd6
40. Kf1 b4 41. f4 Qh5 42. Qxh5 gxh5 43. Ne2 Bb5 44. Kf2 Bxe2 45. Kxe2 f6 46.
Kd3 e5 47. fxe5 fxe5 48. Ke4 Kf7 49. Kd5 Ke7 50. Kc6 e4 51. Kd5 e3 0-1

[Event "Lichtenrader Herbst 2019"]
[Site "Berlin"]
[Date "2019.10.15"]
[Round "4.22"]
[White "Guenther, Thomas"]
[Black "Fock, Amina"]
[Result "1-0"]
[WhiteElo "1966"]
[BlackElo "1749"]
[PlyCount "52"]
[EventDate "2019.??.??"]

1. Nf3 Nf6 2. e3 e6 3. c4 g6 4. b3 Bg7 5. Bb2 O-O 6. d4 d6 7. Bd3 Nfd7 8. Qc2
f5 9. e4 f4 10. b4 a5 11. a3 Nc6 12. b5 Ne7 13. a4 h6 14. Nbd2 g5 15. h3 e5 16.
Nb3 b6 17. dxe5 dxe5 18. c5 bxc5 19. Rd1 Qe8 20. Nxe5 Nxe5 21. Qxc5 N7g6 22.
Bc4+ Be6 23. O-O Rf7 24. Bd5 Bf8 25. Qc4 Bxd5 26. Qxd5 Rd8 1-0